| 000 | 01253nam a2200325 a 4500 | ||
|---|---|---|---|
| 001 | 24448 | ||
| 003 | CO-ViMGA | ||
| 008 | 141112s2004 ck r 000 u spa d | ||
| 020 | _a9588249015 | ||
| 040 |
_aCO-ViMGA _bspa _cCO-ViMGA |
||
| 041 | _aSPA | ||
| 090 | _aP GOM8 | ||
| 100 | 1 |
_aGómez Jattin, Raúl, 1945 - 1997 _936162 |
|
| 245 | 1 | 0 |
_aAmanecer en el Valle del Sinú : _bantología poética / _cRaúl Gómez Jattin ; selección y prólogo Carlos Monsiváis |
| 250 | _a1a ed., 3a reimpr. | ||
| 260 |
_aBogotá : _bFondo de Cultura Económica, _c2007 |
||
| 300 | _a181 p. | ||
| 490 | _aTierra firme | ||
| 505 | _aRetratos - - Retratos (segunda parte) - - Del amor - - Hijos del tiempo - - Esplendor de la mariposa - - El libro de la locura | ||
| 650 | 1 | 4 | _aAMOR - POESIA |
| 650 | 1 | 4 |
_aAUTORES COLOMBIANOS _932 |
| 650 | 1 | 4 |
_aDESDE LOS 15 AÑOS _91079 |
| 650 | 1 | 4 |
_aNATURALEZA - POESIA _948135 |
| 650 | 1 | 4 |
_aPOESIA COLOMBIANA - ANTOLOGIAS _936163 |
| 650 | 1 | 4 |
_aVIDA COTIDIANA - POESIA _926535 |
| 700 | 1 |
_aMonsivais, Carlos _936164 |
|
| 700 | 1 |
_aMonsivais, Carlos, 1938 - _936165 |
|
| 740 | _aRetratos \ Retratos (segunda parte) \ Del amor \ Hijos del tiempo \ Esplendor de la mariposa \ El libro de la locura | ||
| 942 |
_2ddc _cBK |
||
| 999 |
_c32329 _d32329 |
||